El quinto centenario de la conquista española / (Record no. 2051)

000 -CABECERA
fixed length control field 00900nam a22002177a 4500
003 - IDENTIFICADOR DEL NÚMERO DE CONTROL
control field AR-CdUCM
008 - DATOS DE LONGITUD FIJA--INFORMACIÓN GENERAL
fixed length control field 190301b ||||| |||| 00| 0 spa d
040 ## - FUENTE DE LA CATALOGACIÓN
Agencia/entidad que catalogó originalmente la obra MUNICIPALIDAD PROVINCIAL DEL CUSCO
Entidad que transcribió la catalogación BIBLIOTECA MUNICIPAL DEL CUSCO
082 ## - NÚMERO DE LA CLASIFICACIÓN DECIMAL DEWEY
No. de Clasificación 980.02 /
Notacion interna F49
100 ## - ENTRADA PRINCIPAL--NOMBRE DE PERSONA
Nombre Personal Figueroa Serrano, Juan
245 ## - MENCIÓN DE TÍTULO
Título El quinto centenario de la conquista española /
260 ## - PUBLICACIÓN, DISTRIBUCIÓN, ETC.
Lugar de publicación, distribución, etc. Qosqo :
Nombre de la editorial, distribuidor, etc. Municipalidad del Qosqo,
Fecha de publicación, distribución, etc. 1992.
300 ## - DESCRIPCIÓN FÍSICA
Nº de Páginas Extensión 89 páginas ;
Dimensiones 21 cm.
505 ## - NOTA DE CONTENIDO CON FORMATO
Nota de contenido formateada Contenido: Temas relacionados con la resistencia ofrecida por los americanos ante la presencia de los españoles durante la conquista; enfoque crítico de este hecho.
650 ## - PUNTO DE ACCESO ADICIONAL DE MATERIA--TÉRMINO DE MATERIA
Descriptor Descubrimiento y Conquista
9 (RLIN) 2362
650 ## - PUNTO DE ACCESO ADICIONAL DE MATERIA--TÉRMINO DE MATERIA
Descriptor América Latina
9 (RLIN) 1130
650 ## - PUNTO DE ACCESO ADICIONAL DE MATERIA--TÉRMINO DE MATERIA
Descriptor Historia aniversarios
9 (RLIN) 7425
942 ## - ELEMENTOS DE PUNTO DE ACCESO ADICIONAL (KOHA)
Fuente de clasificación
Tipo de item Libros-BMC
945 ## - PROCESAMIENTO DE INFORMACIÓN LOCAL (OCLC)
Catalogador zta
Holdings
Estado de retiro (separado) Fuente de clasificación o esquema de estanterías Estado dañado Ubicación Sala donde se ubica Nombre de la colección Fecha de adquisición o compra Costo, precio normal en soles Signatura topográfica Código de Barras Última vez visto (Koha) Tipo de ítem (Koha) Número de Ejemplar
No     Sala Cusco Antiguo Sala Cusco Antiguo Book Cart 2019-04-08 15.00 980.02 / F49 / 1992 SCA0002209 2019-04-08 Libros-BMC  
No     Sala Cusco Antiguo Sala Cusco Antiguo Book Cart 2019-04-08 15.00 980.02 / F49 / 1992 / e.2 SCA0002136 2019-04-10 Libros-BMC  
No     Sala Humanidades Sala Humanidades Book Cart 2019-03-01 8.00 980.02 / F49 SH0000002438 2019-03-01 Libros-BMC  
No     Sala Humanidades Sala Humanidades Book Cart 2019-03-04 8.00 980.02 / F49 SH0000002490 2019-03-04 Libros-BMC 2ej.

Powered by Koha